| 000 | 01983nam2a22003371 4500 | ||
|---|---|---|---|
| 001 | rc\3307557 | ||
| 005 | 20260405221718.0 | ||
| 010 |
_bВ пер. _d2 р. 30 к. _9200000 |
||
| 021 |
_aRU _b[72-51119] |
||
| 035 | _a(NLR Aleph) 007503164 | ||
| 090 |
_a7672229 _c7672229 |
||
| 100 | _a20130115d1972 |||y0rusy50 ca | ||
| 101 | 0 | _arus | |
| 102 | _aRU | ||
| 105 | _ac z |||a| | ||
| 200 | 1 |
_aПовести и рассказы _e1848-1859 _f[ред. А.С. Долинин, Е.И. Кийко _gпримеч. Н.М. Перлиной, Н.Н. Соломиной] |
|
| 210 |
_d1972 _aБ. м. |
||
| 215 | _a527 с., 1 л. портр. | ||
| 320 | _aСписок литературы в примеч.: с. 524-526 | ||
| 461 | 0 |
_1001rc\3307555 _12001#$aПолное собрание сочинений$eв 30-ти томах$fФ.М. Достоевский$g[ред. коллегия: В.Г. Базанов (гл. ред.) и др.]$gАН СССР. Ин-т рус. литературы (Пушкинский дом)$vТ. 2 _97672223 _aДостоевский, Ф. М. (1821-1881) _cЛенинград _d1972-1990 _fФ.М. Достоевский _nНаука. Ленинградское отделение _oв 30-ти томах _p33 т. _tПолное собрание сочинений _vТ. 2 |
|
| 702 | 1 |
_4212 _aПерлина _bН. М. _cлитературовед _f1939- _gНина Моисеевна _9176323 _3RU\NLR\AUTH\770176374 |
|
| 702 | 0 |
_4212 _aКсения _cСоломина-Минихен, Наталья Николаевна _cмонахиня _f1938- _9147860 _3RU\NLR\AUTH\770147896 |
|
| 702 | 1 |
_aКийко _bЕ.И. _gЕвгения Ивановна _4340 |
|
| 702 | 1 |
_4340 _7ca _8rus _aДолинин _bА. С. _cлитературовед _f1883-1968 _gАркадий Семенович _982924 _3RU\NLR\AUTH\7799998 |
|
| 801 | 0 |
_aRU _bNLR _gpsbo |
|
| 801 | 1 |
_aRU _bELAR _2rusmarc |
|
| 801 | 2 |
_aRU _bNLR _c20170801 _2rusmarc |
|
| 852 |
_aNLR _j72-5/1501 |
||
| 942 | _cBOOK | ||
| 980 | _aNB | ||